[Event "Voronezh op-B 20th"]
[Site "Voronezh"]
[Date "2016.06.20"]
[Round "8"]
[White "Redikultsev, Boris"]
[Black "Mikhnenko, Alexander"]
[Result "0-1"]
[WhiteElo "1987"]
[BlackElo "1707"]
[PlyCount "100"]
[EventDate "2016.06.12"]
[EventType "swiss"]
[EventRounds "9"]
[EventCountry "RUS"]
[SourceTitle "EXT 2017"]
[Source "ChessBase"]
[SourceDate "2016.10.25"]
[SourceVersion "1"]
[SourceVersionDate "2016.10.25"]
[SourceQuality "1"]

1. e4 c5 2. Nf3 e6 3. Nc3 a6 4. d4 cxd4 5. Nxd4 Nc6 6. g3 Bb4 7. Bg2 Qc7 8. Nxc6 dxc6 9. Qd4 Bxc3+ 10. Qxc3 e5 11. f4 f6 12. fxe5 Qxe5 13. Qxe5+ fxe5 14. Bd2 Nf6 15. Bb4 Kf7 16. 0-0 h6 17. Rad1 Bg4 18. Rde1 Rhe8 19. h3 Bh5 20. g4 Bg6 21. h4 Kg8 22. Bf3 a5 23. Bc3 b5 24. Kf2 b4 25. Bd2 Rad8 26. Bc1 Rd4 27. g5 hxg5 28. Bxg5 Nxe4+ 29. Bxe4 Bxe4 30. c3 bxc3 31. bxc3 Ra4 32. Ke3 Bd5 33. Rg1 Rf8 34. Ref1 Rxf1 35. Rxf1 Rxa2 36. Rg1 Kf7 37. Rf1+ Ke6 38. Rf8 a4 39. Kd3 e4+ 40. Kd4 Bb3 41. Re8+ Kd7 42. Re7+ Kd6 43. Rxg7 a3 44. h5 c5+ 45. Ke3 Ra1 46. h6 Re1+ 47. Kf2 a2 48. h7 a1Q 49. h8Q Rf1+ 50. Ke2 Qe1# 0-1

[Event "Konakovo Chervonny op"]
[Site "Konakovo"]
[Date "2012.09.21"]
[Round "2"]
[White "Redikultsev, Boris"]
[Black "Kasyanov, Vasiliy"]
[Result "1/2-1/2"]
[WhiteElo "2055"]
[BlackElo "2113"]
[PlyCount "139"]
[EventDate "2012.09.20"]
[EventType "swiss"]
[EventRounds "7"]
[EventCountry "RUS"]
[SourceTitle "CBM 150 Extra"]
[Source "ChessBase"]
[SourceDate "2012.10.19"]
[SourceVersion "1"]
[SourceVersionDate "2012.10.19"]
[SourceQuality "1"]

1. e4 c5 2. b3 d6 3. Bb2 Nf6 4. Nc3 g6 5. Nd5 e5 6. f4 Nxd5 7. exd5 Bg7 8. Nf3 0-0 9. fxe5 dxe5 10. c4 e4 11. Bxg7 Kxg7 12. Ng1 Re8 13. Qc2 Qf6 14. 0-0-0 Bg4 15. Be2 Bxe2 16. Nxe2 Qf2 17. Qc3+ Kg8 18. Ng3 Qxg2 19. Nf5 gxf5 20. Rhg1 Qg6 21. Qf6 Kf8 22. Rxg6 hxg6 23. d6 Kg8 24. Rg1 Nd7 25. Qxf5 Rad8 26. Qd5 Ne5 27. Rg5 Nd3+ 28. Kb1 Kg7 29. h4 b6 30. Qc6 Re6 31. Rd5 Ree8 32. d7 Rh8 33. Qd6 Rxh4 34. Rxd3 exd3 35. Qe5+ Kf8 36. Qd6+ Kg7 37. Qe7 Rhh8 38. Kb2 Rhf8 39. Ka3 Kh6 40. Qe3+ g5 41. Qxd3 f5 42. Qd6+ Kh5 43. b4 cxb4+ 44. Kxb4 f4 45. d4 Rf7 46. Qe6 Rfxd7 47. Qh3+ Kg6 48. Qe6+ Kg7 49. d5 Rd6 50. Qf5 Kh6 51. Kb5 Kh5 52. Qh3+ Kg6 53. Qd3+ Kf6 54. Qh7 g4 55. Qh4+ Kf5 56. Qh5+ Ke4 57. Qxg4 Ke3 58. Qg1+ Ke4 59. Qe1+ Kf3 60. Qf1+ Kg3 61. Qg1+ Kf3 62. Kb4 Ke2 63. Qg2+ Ke3 64. Qg5 Ke4 65. Kc3 b5 66. Qg2+ f3 67. Qg4+ Ke3 68. Qd4+ Ke2 69. Qe4+ Kf2 70. Qh4+ 1/2-1/2

[Event "Kaluga Tsiolkovsky Memorial op"]
[Site "Kaluga"]
[Date "2007.08.10"]
[Round "7"]
[White "Shestoperov, Aleksej"]
[Black "Redikultsev, Boris"]
[Result "1-0"]
[WhiteElo "2397"]
[BlackElo "2143"]
[PlyCount "59"]
[EventDate "2007.08.03"]
[EventType "swiss"]
[EventRounds "9"]
[EventCountry "RUS"]
[SourceTitle "CBM 119 Extra"]
[Source "ChessBase"]
[SourceDate "2007.09.04"]
[SourceVersion "1"]
[SourceVersionDate "2007.09.04"]
[SourceQuality "1"]

1. d4 e6 2. Nf3 c5 3. e3 Nf6 4. c4 cxd4 5. exd4 Bb4+ 6. Nbd2 Ne4 7. Bd3 Nxd2 8. Bxd2 Bxd2+ 9. Qxd2 d5 10. c5 0-0 11. b4 b6 12. 0-0 bxc5 13. dxc5 f6 14. Qc2 g6 15. Rfd1 Nc6 16. b5 Ne7 17. a4 e5 18. a5 Bf5 19. Bxf5 gxf5 20. b6 Qc8 21. Rac1 Qc6 22. Nh4 e4 23. Qd2 Rfc8 24. Qf4 Rab8 25. Nxf5 Nxf5 26. Qxf5 axb6 27. axb6 Rxb6 28. Qxc8+ Qxc8 29. cxb6 Qb8 30. Rb1 1-0

[Event "Kaluga Tsiolkovsky Memorial op"]
[Site "Kaluga"]
[Date "2003.??.??"]
[Round "8"]
[White "Jaafari, E."]
[Black "Redikultsev, Boris"]
[Result "0-1"]
[WhiteElo "2130"]
[BlackElo "2182"]
[PlyCount "62"]
[EventDate "2003.??.??"]
[EventType "swiss"]
[EventRounds "9"]
[EventCountry "RUS"]
[SourceTitle "EXT 2005"]
[Source "ChessBase"]
[SourceDate "2004.11.15"]
[SourceVersion "1"]
[SourceVersionDate "2004.11.15"]
[SourceQuality "1"]

1. d4 Nf6 2. c4 e6 3. Nc3 Bb4 4. Nf3 d5 5. Bg5 c6 6. Bxf6 Qxf6 7. e3 0-0 8. Bd3 Nd7 9. 0-0 Qe7 10. Rc1 Bd6 11. Re1 f5 12. Nd2 Nf6 13. f3 Qc7 14. Nf1 Qf7 15. cxd5 exd5 16. e4 fxe4 17. fxe4 dxe4 18. Bxe4 Bg4 19. Bf3 Bxf3 20. Qxf3 Rad8 21. a3 Bb8 22. Ne4 Nxe4 23. Qxf7+ Rxf7 24. Rxe4 Rfd7 25. Rce1 Bc7 26. Re7 Bb6 27. Rxd7 Rxd7 28. Rd1 Rxd4 29. Rxd4 Bxd4+ 30. Kh1 Bxb2 31. a4 Kf7 0-1

[Event "Kaluga Tsiolkovsky Memorial op"]
[Site "Kaluga"]
[Date "2003.??.??"]
[Round "3"]
[White "Redikultsev, Boris"]
[Black "Ponomariov, Boris"]
[Result "1-0"]
[WhiteElo "2182"]
[BlackElo "2472"]
[PlyCount "73"]
[EventDate "2003.??.??"]
[EventType "swiss"]
[EventRounds "9"]
[EventCountry "RUS"]
[SourceTitle "EXT 2005"]
[Source "ChessBase"]
[SourceDate "2004.11.15"]
[SourceVersion "1"]
[SourceVersionDate "2004.11.15"]
[SourceQuality "1"]

1. d4 Nf6 2. c4 g6 3. Nc3 d5 4. g3 Bg7 5. Bg2 c6 6. cxd5 Nxd5 7. e3 Nxc3 8. bxc3 0-0 9. Ne2 e5 10. Qb3 Qc7 11. Rb1 b6 12. 0-0 Be6 13. e4 Bg4 14. f3 Bd7 15. f4 exd4 16. cxd4 Qc8 17. Bb2 Bh3 18. f5 Bxg2 19. Kxg2 Qe8 20. e5 gxf5 21. Rxf5 Qe6 22. Qxe6 fxe6 23. Rxf8+ Kxf8 24. Nf4 Ke7 25. Ba3+ Kd7 26. Nh5 Bh8 27. Rf1 Na6 28. Rf7+ Kc8 29. Rxh7 c5 30. Rxh8+ Kb7 31. Rxa8 Kxa8 32. dxc5 Nxc5 33. Bxc5 bxc5 34. Nf4 c4 35. Nxe6 Kb7 36. Nd4 Kb6 37. e6 1-0